000 00645nam a2200193Ia 4500
008 151121s9999||||xx |||||||||||||| ||und||
082 _a813-/प्रभुदे
082 _bHNW-54028
100 _aप्रभुदेसाई बाळकृष्ण
245 _aगंधर्व
260 _b"मौज प्रकाशन ग्रह, मुंबई।"
260 _c--
300 _a199
600 _aप्रभुदेसाई बाळकृष्ण
630 _aगंधर्व
700 _aप्रभुदेसाई बाळकृष्ण
730 _aगंधर्व
942 _cBOOK
999 _c1237414
_d1237411